[Event "ch-USA 2018"]
[Site "Saint Louis USA"]
[Date "2018.04.18"]
[Round "1.3"]
[White "Zherebukh, Yaroslav"]
[Black "So, Wesley"]
[Result "0-1"]
[WhiteTitle "GM"]
[BlackTitle "GM"]
[WhiteElo "2640"]
[BlackElo "2786"]
[WhiteFideId "14116804"]
[BlackFideId "5202213"]
[EventDate "2018.04.18"]

1. e4 c5 2. Nf3 d6 3. Bb5+ Nd7 4. Ba4 Nf6 5. O-O a6 6. c4 g6 7. Nc3 Bg7 8. d3
O-O 9. h3 b6 10. Rb1 Bb7 11. Bg5 h6 12. Be3 Qc7 13. Qd2 Kh7 14. b4 Rac8 15. Rfc1
e6 16. Ne2 Rfd8 17. Ng3 Ba8 18. a3 Nb8 19. Nh2 Nc6 20. f4 Nd4 21. Rf1 b5 22.
cxb5 axb5 23. Bd1 Qa7 24. Ra1 cxb4 25. Qxb4 Nd7 26. Kh1 Nc2 27. Bxa7 Nxb4 28.
Rb1 Nxd3 29. Rxb5 Bc6 30. Rb1 Ra8 31. Be3 Rxa3 32. Bf3 h5 33. Ne2 N3c5 34. Bxc5
Nxc5 35. e5 Ba4 36. exd6 Rxd6 37. Rbc1 Nb3 38. Rc7 Nd2 39. Re1 Rd7 40. Rxd7 Bxd7
41. Rd1 Ra2 42. Nc1 Ra1 43. Nd3 Rxd1+ 44. Bxd1 Ne4 45. Nf3 Bb5 46. Nfe1 h4 47.
Kh2 Bc3 48. Bc2 Bd2 49. Nf3 Bxd3 50. Bxd3 Bxf4+ 51. Kg1 Be3+ 52. Kf1 Ng3+ 53.
Ke1 Kg7 0-1

[Event "ch-USA 2018"]
[Site "Saint Louis USA"]
[Date "2018.04.20"]
[Round "3.1"]
[White "Liang, Awonder"]
[Black "So, Wesley"]
[Result "1/2-1/2"]
[WhiteTitle "GM"]
[BlackTitle "GM"]
[WhiteElo "2552"]
[BlackElo "2786"]
[WhiteFideId "2056437"]
[BlackFideId "5202213"]
[EventDate "2018.04.18"]

1. e4 e6 2. d4 d5 3. Nd2 Be7 4. Bd3 c5 5. dxc5 Nf6 6. Qe2 O-O 7. Ngf3 a5 8. O-O
Na6 9. e5 Nd7 10. c4 Ndxc5 11. Bb1 d4 12. Rd1 d3 13. Qe3 b6 14. Ne1 Bb7 15. Nxd3
Qc7 16. Nf4 Rfd8 17. Re1 Bg5 18. Nf1 Nb4 19. Qg3 Bxf4 20. Bxf4 Nbd3 21. Re3 Ne4
22. Qh4 Qxc4 23. Bg5 Rd4 24. Bxd3 Nxg5 25. Bxc4 Rxh4 26. Be2 Rc8 27. Rb3 Re4 28.
Ne3 Rb4 29. Rxb4 axb4 30. Rd1 h6 31. h4 Ne4 32. Bf3 Nc5 33. Bxb7 Nxb7 34. Rd4 b3
35. axb3 Na5 36. b4 Rc1+ 37. Kh2 Nc6 38. Rc4 Rxc4 39. Nxc4 b5 40. Nd6 Nxb4 41.
Nxb5 Nd3 42. Kg3 Nxb2 43. f4 h5 44. Nd6 Kf8 45. Kf3 Nd3 46. Ke4 Nf2+ 47. Kf3 Ng4
48. Ke4 Nh6 49. f5 Ke7 50. Kf4 Ng4 51. fxe6 Kxe6 52. Nf5 g6 53. Nd4+ Kd5 54. Nf3
Nf2 55. Kg5 Ke6 56. Kf4 Kd5 57. Kg5 Ke6 1/2-1/2

[Event "ch-USA 2018"]
[Site "Saint Louis USA"]
[Date "2018.04.25"]
[Round "7.4"]
[White "Xiong, Jeffery"]
[Black "Zherebukh, Yaroslav"]
[Result "1/2-1/2"]
[WhiteTitle "GM"]
[BlackTitle "GM"]
[WhiteElo "2665"]
[BlackElo "2640"]
[WhiteFideId "2047640"]
[BlackFideId "14116804"]
[EventDate "2018.04.18"]

1. d4 d5 2. c4 e6 3. Nf3 Nf6 4. g3 dxc4 5. Bg2 Nc6 6. Qa4 Bb4+ 7. Bd2 Nd5 8.
Bxb4 Nxb4 9. Nc3 Bd7 10. O-O a5 11. Nb5 Ra6 12. Qd1 Ne7 13. a4 O-O 14. Ne5 Bc6
15. Nxc6 Nexc6 16. Rc1 Qe7 17. Rxc4 Raa8 18. Qc1 Rfd8 19. Rd1 Rd7 20. e3 Rad8
21. h4 h5 22. Rc5 g6 23. Qc4 e5 24. Bxc6 bxc6 25. Nc3 exd4 26. exd4 Ra8 27. Re5
Qd8 28. Ne2 Kg7 29. Nf4 Nd5 30. Nxd5 Rxd5 31. Rc1 Rxd4 32. Qxc6 Qf6 33. Qxf6+
Kxf6 34. Re3 Rxa4 35. Rf3+ Kg7 36. Rxc7 Rf8 37. Rb7 Rd4 38. b3 Re4 39. Kg2 Rd4
40. Re3 Rd5 41. Rf3 Re5 42. Rf4 Rd5 43. Kf1 Re5 44. Kg1 Rd5 45. Kg2 Rc5 46. Kg1 1/2-1/2

[Event "ch-USA 2018"]
[Site "Saint Louis USA"]
[Date "2018.04.29"]
[Round "11.1"]
[White "Shankland, Samuel"]
[Black "Liang, Awonder"]
[Result "1-0"]
[WhiteTitle "GM"]
[BlackTitle "GM"]
[WhiteElo "2671"]
[BlackElo "2552"]
[WhiteFideId "2004887"]
[BlackFideId "2056437"]
[EventDate "2018.04.18"]

1. e4 c6 2. d4 d5 3. exd5 cxd5 4. Bd3 Nc6 5. c3 Nf6 6. Bf4 Bg4 7. Qb3 e5 8. h3
exf4 9. hxg4 Qe7+ 10. Kf1 O-O-O 11. Nd2 g6 12. Re1 Qc7 13. g5 Nh5 14. Be2 Ng7
15. Ngf3 Ne6 16. Bb5 Bg7 17. Qa4 Rd6 18. Nb3 b6 19. Nc1 Nb8 20. Nd3 Kb7 21. Nb4
Qd8 22. Ne5 Qc7 23. Qb3 Rhd8 24. Rxh7 a6 25. Bd3 Ka7 26. Qa4 a5 27. Bb5 Kb7 28.
Nbd3 Rg8 29. Nf3 Rh8 30. Rxh8 Bxh8 31. a3 Nc6 32. Bxc6+ Rxc6 33. Nde5 Bxe5 34.
Nxe5 Rd6 35. Qe8 Rd8 36. Qxf7 Nxg5 37. Qxc7+ Kxc7 38. Nxg6 f3 39. Nf4 Kc6 40.
gxf3 Nxf3 41. Re6+ Kb5 42. Ke2 Ng1+ 43. Kd3 1-0

[Event "ch-USA 2018"]
[Site "Saint Louis USA"]
[Date "2018.04.29"]
[Round "11.2"]
[White "Caruana, Fabiano"]
[Black "Onischuk, Alexander"]
[Result "1-0"]
[WhiteTitle "GM"]
[BlackTitle "GM"]
[WhiteElo "2804"]
[BlackElo "2672"]
[WhiteFideId "2020009"]
[BlackFideId "14101025"]
[EventDate "2018.04.18"]

1. e4 e5 2. Nf3 Nc6 3. Bb5 a6 4. Ba4 Nf6 5. O-O b5 6. Bb3 Bb7 7. d3 Be7 8. Re1
O-O 9. a4 Re8 10. Nbd2 Bf8 11. Nf1 Na5 12. Ba2 d5 13. axb5 axb5 14. exd5 Bxd5
15. Bg5 Bxa2 16. Rxa2 e4 17. Bxf6 Qxf6 18. Rxe4 Rxe4 19. dxe4 Rd8 20. Qe2 Nc4
21. c3 Bc5 22. Ra1 g6 23. e5 Qc6 24. Ng3 Re8 25. b3 Nb6 26. Ra5 Bf8 27. Qxb5
Qxb5 28. Rxb5 Ra8 29. h4 1-0